One New York Knicks Player By Season - Statistics

General Stats
  • This quiz has been taken 398 times
    197 since last reset
  • The average score is 43 of 76
Answer Stats
Season Players Full List % Correct
2024-25 Jalen Brunson | Karl-Anthony Towns | OG Anunoby | Mikal Bridges | Josh Hart | Miles McBride | Cameron Payne | Precious Achiuwa | Landry Shamet | Mitchell Robinson | Delon Wright | P.J. Tucker | MarJon Beauchamp | Tyler Kolek | Ariel Hukporti | Pacome Dadiet | Jericho Sims | Kevin McCullar Jr. | Matt Ryan | Anton Watson | Jacob Toppin
100%
2023-24 Jalen Brunson | Julius Randle | RJ Barrett | Donte DiVincenzo | Immanuel Quickley | OG Anunoby | Bojan Bogdanović | Josh Hart | Miles McBride | Isaiah Hartenstein | Precious Achiuwa | Quentin Grimes | Alec Burks | Mitchell Robinson | Evan Fournier | Malachi Flynn | Jericho Sims | Shake Milton | Jacob Toppin | Taj Gibson | Dylan Windler | Charlie Brown Jr. | DaQuan Jeffries | Mamadi Diakite | Ryan Arcidiacono | Dmytro Skapintsev
99%
2022-23 Julius Randle | RJ Barrett | Jalen Brunson | Quentin Grimes | Immanuel Quickley | Mitchell Robinson | Cam Reddish | Isaiah Hartenstein | Evan Fournier | Obi Toppin | Miles McBride | Derrick Rose | Jericho Sims | Svi Mykhailiuk | Ryan Arcidiacono | Trevor Keels | Josh Hart
99%
2021-22 Julius Randle | Evan Fournier | RJ Barrett | Alec Burks | Mitchell Robinson | Immanuel Quickley | Kemba Walker | Obi Toppin | Taj Gibson | Quentin Grimes | Derrick Rose | Nerlens Noel | Miles McBride | Jericho Sims | Cam Reddish | Kevin Knox | Damyean Dotson | Wayne Selden | Danuel House Jr. | Matt Mooney | Tyler Hall | Feron Hunt | Ryan Arcidiacono
94%
2020-21 Julius Randle | RJ Barrett | Mitchell Robinson | Derrick Rose | Immanuel Quickley | Elfrid Payton | Alec Burks | Reggie Bullock | Austin Rivers | Kevin Knox | Nerlens Noel | Obi Toppin | Frank Ntilikina | Dennis Smith | Theo Pinson | Jared Harper | Ignas Brazdeikis | Taj Gibson | Norvel Pelle
92%
2019-20 Julius Randle | Marcus Morris | RJ Barrett | Elfrid Payton | Maurice Harkless | Reggie Bullock | Mitchell Robinson | Bobby Portis | Frank Ntilikina | Kevin Knox | Damyean Dotson | Taj Gibson | Dennis Smith | Wayne Ellington | Allonzo Trier | Kadeem Allen | Ignas Brazdeikis
89%
2014-15 Carmelo Anthony | Amar'e Stoudemire | J.R. Smith | Tim Hardaway | Langston Galloway | José Calderón | Andrea Bargnani | Alexey Shved | Lance Thomas | Iman Shumpert | Shane Larkin | Jason Smith | Lou Amundson | Ricky Ledo | Quincy Acy | Pablo Prigioni | Samuel Dalembert | Cleanthony Early | Cole Aldrich | Travis Wear
85%
2013-14 Carmelo Anthony | Amar'e Stoudemire | Tyson Chandler | J.R. Smith | Raymond Felton | Andrea Bargnani | Iman Shumpert | Tim Hardaway | Kenyon Martin | Pablo Prigioni | Beno Udrih | Ron Artest | Jeremy Tyler | Earl Clark | Shannon Brown | Toure' Murry | Cole Aldrich | Chris Smith
85%
2012-13 Carmelo Anthony | Amar'e Stoudemire | Tyson Chandler | Jason Kidd | J.R. Smith | Raymond Felton | Quentin Richardson | Kenyon Martin | Earl Barron | Iman Shumpert | Steve Novak | Pablo Prigioni | Ronnie Brewer | Chris Copeland | Rasheed Wallace | Solomon Jones | Marcus Camby | Kurt Thomas | James White
85%
2011-12 Carmelo Anthony | Amar'e Stoudemire | Tyson Chandler | Jeremy Lin | J.R. Smith | Iman Shumpert | Landry Fields | Baron Davis | Henry Walker | Steve Novak | Jared Jeffries | Toney Douglas | Josh Harrellson | Mike Bibby | Renaldo Balkman | Dan Gadzuric | Jerome Jordan
85%
2010-11 Carmelo Anthony | Amar'e Stoudemire | Danilo Gallinari | Chauncey Billups | Raymond Felton | Wilson Chandler | Landry Fields | Toney Douglas | Shawne Williams | Jared Jeffries | Ronny Turiaf | Anthony Carter | Timofey Mozgov | Henry Walker | Roger Mason | Shelden Williams | Derrick Brown | Anthony Randolph | Renaldo Balkman | Andy Rautins
85%
2016-17 Carmelo Anthony | Kristaps Porziņģis | Derrick Rose | Joakim Noah | Courtney Lee | Brandon Jennings | Lance Thomas | Justin Holiday | Willy Hernangómez | Ron Baker | Kyle O'Quinn | Mindaugas Kuzminskas | Chasson Randle | Maurice Ndour | Sasha Vujačić | Marshall Plumlee
84%
2015-16 Carmelo Anthony | Kristaps Porziņģis | Arron Afflalo | José Calderón | Robin Lopez | Langston Galloway | Lance Thomas | Derrick Williams | Jerian Grant | Sasha Vujačić | Kyle O'Quinn | Kevin Séraphin | Cleanthony Early | Lou Amundson | Thanasis Antetokounmpo | Jimmer Fredette
84%
1995-96 Anthony Mason | Patrick Ewing | Derek Harper | Charles Oakley | John Starks | Hubert Davis | Charles Smith | J.R. Reid | Willie Anderson | Brad Lohaus | Charlie Ward | Gary Grant | Herb Williams | Doug Christie | Ron Grandison | Matt Fish | Monty Williams
76%
1997-98 Allan Houston | Charles Oakley | Larry Johnson | Patrick Ewing | Charlie Ward | Chris Mills | John Starks | Chris Childs | Buck Williams | Terry Cummings | Chris Dudley | Anthony Bowie | Brooks Thompson | Herb Williams | Pete Myers | Ben Davis
75%
1996-97 Patrick Ewing | Charles Oakley | Larry Johnson | Allan Houston | Chris Childs | John Starks | Charlie Ward | Buck Williams | John Wallace | Herb Williams | Scott Brooks | Walter McCarty | Chris Jent
75%
1994-95 Patrick Ewing | John Starks | Derek Harper | Anthony Mason | Charles Oakley | Charles Smith | Hubert Davis | Anthony Bonner | Doc Rivers | Greg Anthony | Herb Williams | Monty Williams | Greg Kite | Doug Christie | Charlie Ward | Ron Grandison
75%
1993-94 Patrick Ewing | Charles Oakley | John Starks | Doc Rivers | Anthony Mason | Charles Smith | Greg Anthony | Derek Harper | Hubert Davis | Anthony Bonner | Rolando Blackman | Tony Campbell | Herb Williams | Corey Gaines | Eric Anderson | Gerald Paddio
75%
1992-93 Patrick Ewing | John Starks | Anthony Mason | Charles Oakley | Charles Smith | Doc Rivers | Greg Anthony | Rolando Blackman | Tony Campbell | Hubert Davis | Herb Williams | Bo Kimble | Eric Anderson
75%
2018-19 Tim Hardaway | Kevin Knox | Dennis Smith | Damyean Dotson | Emmanuel Mudiay | Wesley Matthews | DeAndre Jordan | Enes Kanter | Noah Vonleh | Allonzo Trier | Kadeem Allen | Frank Ntilikina | Trey Burke | Mario Hezonja | Mitchell Robinson | Luke Kornet | Lance Thomas | Billy Garrett | John Jenkins | Henry Ellenson | Courtney Lee | Isaiah Hicks | Ron Baker
74%
1998-99 Allan Houston | Patrick Ewing | Larry Johnson | Latrell Sprewell | Charlie Ward | Chris Childs | Kurt Thomas | Marcus Camby | Chris Dudley | Dennis Scott | Herb Williams | Rick Brunson | David Wingate | Ben Davis
74%
1991-92 Patrick Ewing | Mark Jackson | Xavier McDaniel | Gerald Wilkins | Charles Oakley | Anthony Mason | John Starks | Greg Anthony | Kiki Vandeweghe | Brian Quinnett | James Donaldson | Tim McCormick | Carlton McKinney | Kennard Winchester | Patrick Eddie
74%
1990-91 Patrick Ewing | Charles Oakley | Kiki Vandeweghe | Gerald Wilkins | Maurice Cheeks | Mark Jackson | John Starks | Trent Tucker | Brian Quinnett | Kenny Walker | Jerrod Mustaf | Eddie Lee Wilkins | Greg Grant | Stuart Gray
74%
1989-90 Patrick Ewing | Charles Oakley | Gerald Wilkins | Mark Jackson | Johnny Newman | Kiki Vandeweghe | Maurice Cheeks | Kenny Walker | Trent Tucker | Rod Strickland | Eddie Lee Wilkins | Pete Myers | Brian Quinnett | Stuart Gray | Greg Butler
74%
1988-89 Patrick Ewing | Mark Jackson | Charles Oakley | Gerald Wilkins | Johnny Newman | Trent Tucker | Kiki Vandeweghe | Rod Strickland | Sidney Green | Kenny Walker | Eddie Lee Wilkins | Pete Myers | Greg Butler
74%
1987-88 Mark Jackson | Gerald Wilkins | Patrick Ewing | Kenny Walker | Sidney Green | Johnny Newman | Bill Cartwright | Trent Tucker | Rory Sparrow | Ray Tolbert | Pat Cummings | Chris McNealy | Bob Thornton | Gerald Henderson | Tony White | Billy Donovan | Rick Carlisle | Sedric Toney | Louis Orr | Carey Scurry
74%
1986-87 Bernard King | Patrick Ewing | Gerald Wilkins | Bill Cartwright | Gerald Henderson | Kenny Walker | Rory Sparrow | Trent Tucker | Louis Orr | Pat Cummings | Eddie Lee Wilkins | Jawann Oldham | Chris McNealy | Stewart Granger | Brad Wright | Bob Thornton | Bill Martin | McKinley Singleton
73%
1985-86 Patrick Ewing | Pat Cummings | Rory Sparrow | Louis Orr | James Bailey | Darrell Walker | Gerald Wilkins | Trent Tucker | Chris McNealy | Ken Bannister | Bob Thornton | Ernie Grunfeld | Bill Cartwright | Fred Cofield | Ken Green | Butch Carter
73%
1999-00 Latrell Sprewell | Allan Houston | Patrick Ewing | Larry Johnson | Charlie Ward | Marcus Camby | Kurt Thomas | Chris Childs | John Wallace | Andrew Lang | Chris Dudley | Rick Brunson | DeMarco Johnson | David Wingate | Mirsad Türkcan | Etdrick Bohannon
72%
2017-18 Kristaps Porziņģis | Tim Hardaway | Courtney Lee | Enes Kanter | Jarrett Jack | Emmanuel Mudiay | Michael Beasley | Frank Ntilikina | Trey Burke | Doug McDermott | Lance Thomas | Kyle O'Quinn | Troy Williams | Luke Kornet | Isaiah Hicks | Ron Baker | Ramon Sessions | Damyean Dotson | Willy Hernangómez | Joakim Noah | Mindaugas Kuzminskas
69%
1972-73 Willis Reed | Walt Frazier | Earl Monroe | Dave DeBusschere | Bill Bradley | Dick Barnett | Jerry Lucas | Phil Jackson | Dean Meminger | John Gianelli | Henry Bibby | Tom Riker | Harthorne Wingo | Luther Rackley
68%
1971-72 Willis Reed | Walt Frazier | Earl Monroe | Dave DeBusschere | Bill Bradley | Dick Barnett | Jerry Lucas | Phil Jackson | Dave Stallworth | Dean Meminger | Luther Rackley | Mike Riordan | Eddie Mast | Mike Price | Greg Fillmore | Charlie Paulk | Eddie Miles
66%
1973-74 Willis Reed | Walt Frazier | Earl Monroe | Dave DeBusschere | Bill Bradley | Dick Barnett | Jerry Lucas | Phil Jackson | John Gianelli | Dean Meminger | Henry Bibby | Dick Garrett | Harthorne Wingo | Mel Davis | Allie McGuire | Dennis Bell | Tom Riker
65%
1970-71 Willis Reed | Walt Frazier | Dave DeBusschere | Bill Bradley | Dick Barnett | Cazzie Russell | Phil Jackson | Mike Riordan | Dave Stallworth | Greg Fillmore | Eddie Mast | Mike Price | Milt Williams
65%
1969-70 Willis Reed | Walt Frazier | Dave DeBusschere | Bill Bradley | Dick Barnett | Cazzie Russell | Mike Riordan | Dave Stallworth | Nate Bowman | Bill Hosket | Don May | John Warren
65%
1968-69 Willis Reed | Walt Frazier | Dave DeBusschere | Walt Bellamy | Bill Bradley | Dick Barnett | Cazzie Russell | Howard Komives | Phil Jackson | Don May | Nate Bowman | Mike Riordan | Bill Hosket
65%
1967-68 Willis Reed | Walt Frazier | Walt Bellamy | Bill Bradley | Dick Barnett | Dick Van Arsdale | Cazzie Russell | Howard Komives | Phil Jackson | Freddie Crawford | Em Bryant | Neil Johnson | Nate Bowman | Jim Caldwell
65%
1974-75 Walt Frazier | Earl Monroe | Bill Bradley | John Gianelli | Phil Jackson | Harthorne Wingo | Jim Barnett | Henry Bibby | Mel Davis | Tom Riker | Neal Walk | Dennis Bell | Jesse Dark | Dave Stallworth | Howard Porter | Greg Jackson
61%
1976-77 Walt Frazier | Earl Monroe | Bill Bradley | Bob McAdoo | Spencer Haywood | John Gianelli | Jim McMillian | Lonnie Shelton | Tom McMillen | Butch Beard | Mel Davis | Mo Layton | Phil Jackson | Neal Walk | Ticky Burden | Dean Meminger
59%
1975-76 Walt Frazier | Earl Monroe | Bill Bradley | Spencer Haywood | John Gianelli | Butch Beard | Phil Jackson | Neal Walk | Jim Barnett | Mel Davis | Harthorne Wingo | Dennis Bell | Larry Fogle | Gene Short | Ken Mayfield
59%
1966-67 Willis Reed | Walt Bellamy | Dick Barnett | Dick Van Arsdale | Cazzie Russell | Howard Komives | Em Bryant | Dave Stallworth | Neil Johnson | Freddie Crawford | Henry Akin | Wayne Molis | Dave Deutsch
59%
1965-66 Willis Reed | Walt Bellamy | Dick Barnett | Dick Van Arsdale | Tom Gola | Jim Barnes | Johnny Green | Dave Stallworth | Em Bryant | Howard Komives | Barry Clemens | Len Chappell | Johnny Egan
57%
1964-65 Willis Reed | Bob Boozer | Tom Gola | Jim Barnes | Howard Komives | Johnny Egan | Johnny Green | John Rudometkin | Dave Budd | Em Bryant | Len Chappell | Barry Kramer | Art Heyman | Tom Hoover
57%
2007-08 Stephon Marbury | David Lee | Zach Randolph | Jamal Crawford | Nate Robinson | Quentin Richardson | Eddy Curry | Fred Jones | Wilson Chandler | Jared Jeffries | Renaldo Balkman | Mardy Collins | Randolph Morris | Malik Rose | Jerome James
55%
2009-10 David Lee | Danilo Gallinari | Wilson Chandler | Tracy McGrady | Nate Robinson | Earl Barron | Chris Duhon | Al Harrington | Jared Jeffries | Henry Walker | Larry Hughes | Eddie House | Sergio Rodríguez | Toney Douglas | J.R. Giddens | Jonathan Bender | Jordan Hill | Darko Miličić | Eddy Curry | Marcus Landry
53%
2008-09 David Lee | Zach Randolph | Nate Robinson | Jamal Crawford | Danilo Gallinari | Wilson Chandler | Chris Duhon | Al Harrington | Larry Hughes | Quentin Richardson | Jared Jeffries | Tim Thomas | Chris Wilcox | Joe Crawford | Anthony Roberson | Courtney Sims | Malik Rose | Mardy Collins | Mouhamed Sene | Jerome James | Demetris Nichols | Eddy Curry | Cheikh Samb
52%
2004-05 Allan Houston | Stephon Marbury | Jamal Crawford | Kurt Thomas | Nazr Mohammed | Tim Thomas | Penny Hardaway | Malik Rose | Shandon Anderson | Mike Sweetney | Trevor Ariza | Maurice Taylor | Jerome Williams | Jermaine Jackson | Jamison Brewer | Moochie Norris | Vin Baker | Bruno Šundov | Jackie Butler
52%
2003-04 Stephon Marbury | Allan Houston | Keith Van Horn | Kurt Thomas | Tim Thomas | Penny Hardaway | Nazr Mohammed | Shandon Anderson | Charlie Ward | Antonio McDyess | Dikembe Mutombo | Howard Eisley | Vin Baker | Othella Harrington | Michael Doleac | Clarence Weatherspoon | DerMarr Johnson | Frank Williams | Moochie Norris | Mike Sweetney | Bruno Šundov | Cezary Trybański
51%
1982-83 Bernard King | Truck Robinson | Bill Cartwright | Rory Sparrow | Ed Sherod | Paul Westphal | Trent Tucker | Sly Williams | Louis Orr | Ernie Grunfeld | Marvin Webster | Vince Taylor | Scott Hastings | Mike Davis
51%
2001-02 Latrell Sprewell | Allan Houston | Marcus Camby | Kurt Thomas | Clarence Weatherspoon | Mark Jackson | Othella Harrington | Shandon Anderson | Charlie Ward | Howard Eisley | Travis Knight | Lavor Postell | Felton Spencer | Larry Robinson
50%
2000-01 Latrell Sprewell | Allan Houston | Marcus Camby | Larry Johnson | Glen Rice | Kurt Thomas | Mark Jackson | Chris Childs | Charlie Ward | Othella Harrington | Erick Strickland | Luc Longley | Lavor Postell | Felton Spencer | Travis Knight | Rick Brunson
50%
1984-85 Bernard King | Truck Robinson | Darrell Walker | Louis Orr | Rory Sparrow | Pat Cummings | Trent Tucker | Ken Bannister | James Bailey | Butch Carter | Ernie Grunfeld | Eddie Lee Wilkins | Ron Cavenall
50%
1983-84 Bernard King | Truck Robinson | Bill Cartwright | Rory Sparrow | Ray Williams | Louis Orr | Trent Tucker | Marvin Webster | Darrell Walker | Ernie Grunfeld | Len Elmore | Eric Fernsten | Rudy Macklin
50%
2002-03 Latrell Sprewell | Allan Houston | Kurt Thomas | Howard Eisley | Clarence Weatherspoon | Othella Harrington | Charlie Ward | Shandon Anderson | Michael Doleac | Lee Nailon | Travis Knight | Lavor Postell | Frank Williams
49%
2006-07 Stephon Marbury | David Lee | Jamal Crawford | Nate Robinson | Channing Frye | Eddy Curry | Steve Francis | Jared Jeffries | Quentin Richardson | Renaldo Balkman | Mardy Collins | Malik Rose | Randolph Morris | Jerome James | Kelvin Cato
47%
2005-06 Stephon Marbury | Jamal Crawford | Nate Robinson | Jalen Rose | Steve Francis | Quentin Richardson | Eddy Curry | Channing Frye | Antonio Davis | Qyntel Woods | Trevor Ariza | Maurice Taylor | Penny Hardaway | David Lee | Matt Barnes | Malik Rose | Ime Udoka | Jackie Butler | Jerome James
47%
1977-78 Earl Monroe | Bob McAdoo | Spencer Haywood | Lonnie Shelton | Jim Cleamons | Butch Beard | Jim McMillian | Ray Williams | Toby Knight | Glen Gondrezick | Phil Jackson | Ticky Burden
38%
1979-80 Bill Cartwright | Micheal Ray Richardson | Ray Williams | Toby Knight | Joe Meriweather | Larry Demic | Hollis Copeland | Marvin Webster | Geoff Huston | Earl Monroe | Jim Cleamons | Mike Glenn | Sly Williams
36%
1978-79 Earl Monroe | Bob McAdoo | Micheal Ray Richardson | Spencer Haywood | Marvin Webster | Ray Williams | Butch Beard | Toby Knight | Jim Cleamons | Joe Meriweather | Glen Gondrezick | Mike Glenn | Tom Barker | John Rudd | Greg Bunch | Ron Behagen
36%
1981-82 Bill Cartwright | Micheal Ray Richardson | Maurice Lucas | Campy Russell | Paul Westphal | Sly Williams | Randy Smith | Marvin Webster | Mike Newlin | Toby Knight | Reggie Carter | Alex Bradley | DeWayne Scales | Larry Demic | Hollis Copeland
33%
1980-81 Bill Cartwright | Micheal Ray Richardson | Campy Russell | Ray Williams | Sly Williams | Marvin Webster | Mike Glenn | Larry Demic | Mike Woodson | DeWayne Scales | Reggie Carter
27%
1961-62 Richie Guerin | Willie Naulls | Al Butler | Johnny Green | Phil Jordon | Darrall Imhoff | Dave Budd | Whitey Martin | Sam Stith | Cleveland Buckner | Donnie Butcher | George Blaney | Bill Smith | Ed Burton | Doug Kistler
27%
1960-61 Richie Guerin | Willie Naulls | Dick Garmaker | Kenny Sears | Phil Jordon | Charlie Tyra | Johnny Green | Bob McNeill | Dave Budd | Jack George | Phil Rollins | Darrall Imhoff | Carl Braun | Jim Palmer | Whitey Bell | Mike Farmer
25%
1959-60 Richie Guerin | Willie Naulls | Carl Braun | Kenny Sears | Dick Garmaker | Charlie Tyra | Jack George | Mike Farmer | Cal Ramsey | Jim Palmer | Johnny Green | Ron Sobie | Whitey Bell | Ray Felix | Bob Anderegg | Brendan McCann
25%
1963-64 Richie Guerin | Bob Boozer | Tom Gola | Johnny Egan | Len Chappell | Art Heyman | Johnny Green | Bill McGill | Al Butler | Tom Hoover | Donnie Butcher | Bevo Nordmann | Paul Hogue | Dave Budd | John Rudometkin | Bob Duffy | Gene Conley | Jerry Harkness
23%
1962-63 Richie Guerin | Tom Gola | Johnny Green | Willie Naulls | Gene Shue | Bevo Nordmann | Paul Hogue | Dave Budd | Gene Conley | Al Butler | Donnie Butcher | Kenny Sears | John Rudometkin | Tom Stith | Jack Foley | Cleveland Buckner
23%
1958-59 Richie Guerin | Willie Naulls | Carl Braun | Kenny Sears | Charlie Tyra | Ray Felix | Mike Farmer | Frank Selvy | Jack George | Ron Sobie | Guy Sparrow | Pete Brennan | Brendan McCann | Jerry Bird
21%
1956-57 Harry Gallatin | Richie Guerin | Willie Naulls | Carl Braun | Dick McGuire | Kenny Sears | Slater Martin | Nat Clifton | Ray Felix | Ron Sobie | Jim Baechtold | Ron Shavlik | Phil Jordon | Gary Bergen
21%
1957-58 Richie Guerin | Willie Naulls | Carl Braun | Kenny Sears | Ron Sobie | Ray Felix | Guy Sparrow | Mel Hutchins | Charlie Tyra | Larry Friend | Art Spoelstra | Brendan McCann | Phil Jordon | Ron Shavlik
20%
1953-54 Harry Gallatin | Carl Braun | Dick McGuire | Nat Clifton | Vince Boryla | Fred Schaus | Connie Simmons | Jim Baechtold | Ernie Vandeweghe | Alfred McGuire | Ed Smith | Don Ackerman | Joe Smyth
18%
1955-56 Harry Gallatin | Carl Braun | Dick McGuire | Kenny Sears | Nat Clifton | Jim Baechtold | Gene Shue | Ray Felix | Walter Dukes | Ernie Vandeweghe | Bob Peterson | Dick Atha | Bob Santini
11%
1954-55 Harry Gallatin | Carl Braun | Dick McGuire | Nat Clifton | Ray Felix | Gene Shue | Jim Baechtold | Bob Knight | Jack Turner | Bob Peterson | Bert Cook | Don Anielak | Fred Christ | Chuck Grigsby | Herm Hedderick | Paul Hoffman
11%
1952-53 Harry Gallatin | Carl Braun | Dick McGuire | Max Zaslofsky | Nat Clifton | Vince Boryla | Ernie Vandeweghe | Connie Simmons | Alfred McGuire | Ray Lumpp | Ralph Polson | Sherwin Raiken | Dick Bunt | Dick Surhoff
11%
1951-52 Harry Gallatin | Dick McGuire | Max Zaslofsky | Vince Boryla | Nat Clifton | Ernie Vandeweghe | Connie Simmons | Ray Lumpp | George Kaftan | Herb Scherer | Alfred McGuire
11%
1950-51 Harry Gallatin | Dick McGuire | Max Zaslofsky | Vince Boryla | Nat Clifton | Ray Ellefson | Gene James | George Kaftan | Tony Lavelli | Ray Lumpp | Tex Ritter | Connie Simmons | Ernie Vandeweghe
11%
1949-50 Harry Gallatin | Carl Braun | Dick McGuire | Vince Boryla | Ed Bartels | Gene James | Ray Lumpp | Harry Donovan | Paul Noel | Tex Ritter | Connie Simmons | Butch van Breda Kolff | Ernie Vandeweghe
11%
No matching quizzes found
Score Distribution
Percent of People with Each Score
Percentile by Number Answered
Your Score History
You have not taken this quiz since the last reset